Visualizzazione normale
Vista MARC
- Cabello Lapiedra, Xavier,
di Personal Name
Records bibliografici associati: 1
001 - CONTROL NUMBER
- control field: 67083
003 - CONTROL NUMBER IDENTIFIER
- control field: IT-RoINE
005 - DATE AND TIME OF LATEST TRANSACTION
- control field: 20200304100940.0
008 - FIXED-LENGTH DATA ELEMENTS
- fixed length control field: 200304|| aca||aabn | a|a d
040 ## - CATALOGING SOURCE
- Original cataloging agency: IT-RoINE
- Transcribing agency: IT-RoINE
100 ## - HEADING--PERSONAL NAME
- Personal name: Cabello Lapiedra, Xavier,
- Dates associated with a name: n. 1866
670 ## - SOURCE DATA FOUND
- Source citation: Work cat.: (IT-RoINE)0: Cabello Lapiedra, Xavier, n. 1866, Pontevedra, cuna de Colón /, 1924.